| 000 | 00454nam a2200157 4500 | ||
|---|---|---|---|
| 008 | 0 1997 0x 000 0MEX | ||
| 020 | _a968-5015-10-4 | ||
| 050 | _aHF5549 5 G73 S57 2000 | ||
| 082 | _a658.312 5 S659f | ||
| 100 | _aSmith, Steve | ||
| 245 | _aí Forme el equipo ! / Steve Smith | ||
| 260 | _aMéxico : Granica | ||
| 300 | _a129 p. / 21 cm. | ||
| 650 | _a1.EQUIPOS EN EL LUGAR DE TRABAJO | ||
| 700 | _aEvelia Solórzano, Rosa, Tr. | ||
| 999 |
_c14601 _d14601 |
||